<?xml version="1.0" encoding="UTF-8"?>
<record
    xmlns:xsi="http://www.w3.org/2001/XMLSchema-instance"
    xsi:schemaLocation="http://www.loc.gov/MARC21/slim http://www.loc.gov/standards/marcxml/schema/MARC21slim.xsd"
    xmlns="http://www.loc.gov/MARC21/slim">

  <leader>02197nam a22005295b 4500</leader>
  <controlfield tag="001"> 393762</controlfield>
  <controlfield tag="003">DO-SdBNP</controlfield>
  <controlfield tag="005">20180221104534.0</controlfield>
  <controlfield tag="007"> 393762</controlfield>
  <controlfield tag="008">940209s1993    sp   a         |||| ||spa  </controlfield>
  <datafield tag="016" ind1="7" ind2=" ">
    <subfield code="a"> </subfield>
    <subfield code="2">BPMSU</subfield>
  </datafield>
  <datafield tag="017" ind1=" " ind2=" ">
    <subfield code="a"> </subfield>
    <subfield code="b"> </subfield>
  </datafield>
  <datafield tag="020" ind1=" " ind2=" ">
    <subfield code="a">8434825171</subfield>
  </datafield>
  <datafield tag="035" ind1=" " ind2=" ">
    <subfield code="a"> </subfield>
  </datafield>
  <datafield tag="040" ind1=" " ind2=" ">
    <subfield code="a">BPMSU</subfield>
    <subfield code="b">spa</subfield>
    <subfield code="c">BPMSU</subfield>
    <subfield code="e"> </subfield>
  </datafield>
  <datafield tag="041" ind1="1" ind2=" ">
    <subfield code="a">spa</subfield>
    <subfield code="h"> </subfield>
  </datafield>
  <datafield tag="080" ind1=" " ind2="0">
    <subfield code="a"> </subfield>
  </datafield>
  <datafield tag="100" ind1="2" ind2=" ">
    <subfield code="a">O'Callaghan i Duch, Elena</subfield>
    <subfield code="d">1955-</subfield>
  </datafield>
  <datafield tag="240" ind1="1" ind2="0">
    <subfield code="a">Bestieses i animalades /</subfield>
  </datafield>
  <datafield tag="245" ind1="1" ind2="0">
    <subfield code="a">Perrer&#xED;as de un gato /</subfield>
    <subfield code="h"> </subfield>
    <subfield code="c">Elena O'Callaghan i Duch ; ilustraciones, Roser Capdevila ; versi&#xF3;n al castellano de la autora</subfield>
  </datafield>
  <datafield tag="250" ind1=" " ind2=" ">
    <subfield code="a">7&#xAA; ed.</subfield>
  </datafield>
  <datafield tag="260" ind1=" " ind2=" ">
    <subfield code="a">Madrid : </subfield>
    <subfield code="b">SM,</subfield>
    <subfield code="c">1993</subfield>
  </datafield>
  <datafield tag="300" ind1=" " ind2=" ">
    <subfield code="a">101 p.: </subfield>
    <subfield code="b">il.,</subfield>
    <subfield code="c">19 cm</subfield>
  </datafield>
  <datafield tag="490" ind1="0" ind2=" ">
    <subfield code="a">El barco de vapor</subfield>
    <subfield code="a">Serie azul</subfield>
    <subfield code="v">31</subfield>
  </datafield>
  <datafield tag="521" ind1=" " ind2=" ">
    <subfield code="a">A partir de 7 a&#xF1;os.</subfield>
  </datafield>
  <datafield tag="700" ind1="1" ind2="1">
    <subfield code="a">Capdevila, Roser</subfield>
    <subfield code="d">1939-</subfield>
    <subfield code="e">il. </subfield>
  </datafield>
  <datafield tag="830" ind1=" " ind2="0">
    <subfield code="a">El barco de vapor.</subfield>
    <subfield code="l"> </subfield>
    <subfield code="p">Serie azulSerie azulvv</subfield>
    <subfield code="v">31</subfield>
  </datafield>
  <datafield tag="942" ind1=" " ind2=" ">
    <subfield code="2">ddc</subfield>
    <subfield code="c">BK</subfield>
  </datafield>
  <datafield tag="945" ind1=" " ind2=" ">
    <subfield code="a">Inventariado, 2018/ YL</subfield>
  </datafield>
  <datafield tag="952" ind1=" " ind2=" ">
    <subfield code="0">0</subfield>
    <subfield code="1">0</subfield>
    <subfield code="2">ddc</subfield>
    <subfield code="4">0</subfield>
    <subfield code="7">0</subfield>
    <subfield code="8">CI-G</subfield>
    <subfield code="a">BPMET</subfield>
    <subfield code="b">BPMET</subfield>
    <subfield code="d">2018-02-21</subfield>
    <subfield code="e">Donaci&#xF3;n</subfield>
    <subfield code="l">0</subfield>
    <subfield code="p">BPMSU18020217</subfield>
    <subfield code="r">2018-02-21</subfield>
    <subfield code="w">2018-02-21</subfield>
    <subfield code="y">BK</subfield>
  </datafield>
  <datafield tag="956" ind1=" " ind2=" ">
    <subfield code="a">VMATEO</subfield>
    <subfield code="2">10</subfield>
    <subfield code="3">20160405</subfield>
    <subfield code="6">BPMSU</subfield>
    <subfield code="8">0069</subfield>
  </datafield>
  <datafield tag="980" ind1=" " ind2=" ">
    <subfield code="a">M-BN</subfield>
    <subfield code="b">BNMADRID</subfield>
    <subfield code="j">9/97505</subfield>
    <subfield code="c">SG_RECOLET</subfield>
  </datafield>
  <datafield tag="980" ind1=" " ind2=" ">
    <subfield code="a">M 10894-2005</subfield>
    <subfield code="a">84-348-2517-1</subfield>
    <subfield code="a">M-BN</subfield>
    <subfield code="b">BNALCALA</subfield>
    <subfield code="j">AHM/16274</subfield>
    <subfield code="c">SALA_ALC</subfield>
  </datafield>
  <datafield tag="980" ind1=" " ind2=" ">
    <subfield code="a">M 52843-2002</subfield>
    <subfield code="a">84-348-2517-1</subfield>
    <subfield code="a">M-BN</subfield>
    <subfield code="b">BNALCALA</subfield>
    <subfield code="j">AHM/731335</subfield>
    <subfield code="c">SALA_ALC</subfield>
  </datafield>
  <datafield tag="980" ind1=" " ind2=" ">
    <subfield code="a">M 10894-2005</subfield>
    <subfield code="a">84-348-2517-1</subfield>
    <subfield code="a">M-BN</subfield>
    <subfield code="j">AHMo/130600</subfield>
  </datafield>
  <datafield tag="980" ind1=" " ind2=" ">
    <subfield code="a">M 20074-2000</subfield>
    <subfield code="a">84-348-2517-1</subfield>
    <subfield code="a">M-BN</subfield>
    <subfield code="b">BNALCALA</subfield>
    <subfield code="j">DL/1012727</subfield>
    <subfield code="c">CONSERVACI</subfield>
  </datafield>
  <datafield tag="980" ind1=" " ind2=" ">
    <subfield code="a">M-BN</subfield>
    <subfield code="b">BNALCALA</subfield>
    <subfield code="j">DL/599587</subfield>
    <subfield code="c">CONSERVACI</subfield>
  </datafield>
  <datafield tag="980" ind1=" " ind2=" ">
    <subfield code="a">M 30466-1993</subfield>
    <subfield code="a">M-BN</subfield>
    <subfield code="b">BNALCALA</subfield>
    <subfield code="j">DL/604585</subfield>
    <subfield code="c">CONSERVACI</subfield>
  </datafield>
  <datafield tag="980" ind1=" " ind2=" ">
    <subfield code="a">M 6315-1995</subfield>
    <subfield code="a">M-BN</subfield>
    <subfield code="b">BNALCALA</subfield>
    <subfield code="j">DL/701208</subfield>
    <subfield code="c">CONSERVACI</subfield>
  </datafield>
  <datafield tag="980" ind1=" " ind2=" ">
    <subfield code="a">M 13250-1997</subfield>
    <subfield code="a">M-BN</subfield>
    <subfield code="b">BNALCALA</subfield>
    <subfield code="j">DL/762278</subfield>
    <subfield code="c">CONSERVACI</subfield>
  </datafield>
  <datafield tag="980" ind1=" " ind2=" ">
    <subfield code="a">M 25914-1998</subfield>
    <subfield code="a">M-BN</subfield>
    <subfield code="b">BNALCALA</subfield>
    <subfield code="j">DL/844997</subfield>
    <subfield code="c">CONSERVACI</subfield>
  </datafield>
  <datafield tag="980" ind1=" " ind2=" ">
    <subfield code="a">M 28691-1999</subfield>
    <subfield code="a">84-348-2517-1</subfield>
    <subfield code="a">M-BN</subfield>
    <subfield code="b">BNALCALA</subfield>
    <subfield code="j">DL/941397</subfield>
    <subfield code="c">CONSERVACI</subfield>
  </datafield>
  <datafield tag="980" ind1=" " ind2=" ">
    <subfield code="a">M 1282-2001</subfield>
    <subfield code="a">84-348-2517-1</subfield>
    <subfield code="a">M-BN</subfield>
    <subfield code="b">BNALCALA</subfield>
    <subfield code="j">DL/1048087</subfield>
    <subfield code="c">CONSERVACI</subfield>
  </datafield>
  <datafield tag="980" ind1=" " ind2=" ">
    <subfield code="a">M 19959-2002</subfield>
    <subfield code="a">84-348-2517-1</subfield>
    <subfield code="a">M-BN</subfield>
    <subfield code="b">BNALCALA</subfield>
    <subfield code="j">DL/1141772</subfield>
    <subfield code="c">CONSERVACI</subfield>
  </datafield>
  <datafield tag="980" ind1=" " ind2=" ">
    <subfield code="a">M 52843-2002</subfield>
    <subfield code="a">84-348-2517-1</subfield>
    <subfield code="a">M-BN</subfield>
    <subfield code="b">BNALCALA</subfield>
    <subfield code="j">DL/1201143</subfield>
    <subfield code="c">CONSERVACI</subfield>
  </datafield>
  <datafield tag="980" ind1=" " ind2=" ">
    <subfield code="a">M 43578-2003</subfield>
    <subfield code="a">84-348-2517-1</subfield>
    <subfield code="a">M-BN</subfield>
    <subfield code="b">BNALCALA</subfield>
    <subfield code="j">DL/1276286</subfield>
    <subfield code="c">CONSERVACI</subfield>
  </datafield>
  <datafield tag="980" ind1=" " ind2=" ">
    <subfield code="a">M 10894-2005</subfield>
    <subfield code="a">84-348-2517-1</subfield>
    <subfield code="a">M-BN</subfield>
    <subfield code="b">BNALCALA</subfield>
    <subfield code="j">DL/1390618</subfield>
    <subfield code="c">CONSERVACI</subfield>
  </datafield>
  <datafield tag="999" ind1=" " ind2=" ">
    <subfield code="c">9544</subfield>
    <subfield code="d">9544</subfield>
  </datafield>
</record>
